Los armarios negros / (Record no. 166789)

MARC details
000 -CABECERA
campo de control de longitud fija 00560nam a2200193 a 4500
005 - FECHA Y HORA DE LA ÚLTIMA TRANSACCIÓN
campo de control 20220607063620.0
008 - ELEMENTOS DE LONGITUD FIJA--INFORMACIÓN GENERAL
campo de control de longitud fija 131210s2005 mx r 000 0 spa d
020 ## - NÚMERO INTERNACIONAL NORMALIZADO PARA LIBROS
Número Internacional Estándar del Libro 9789681906030
035 ## - NÚMERO DE CONTROL DEL SISTEMA
Número de control de sistema UPN01000194688
049 ## - COLECCIÓN
Colección CG
050 #4 - SIGNATURA TOPOGRÁFICA DE LA BIBLIOTECA DEL CONGRESO
Número de clasificación PQ6657 I8.2
Número de documento/Ítem A7.5
100 1# - ASIENTO PRINCIPAL--NOMBRE PERSONAL
Nombre de persona Gisbert, Joan Manuel,
Fechas asociadas al nombre 1949-
9 (RLIN) 32067
245 14 - MENCIÓN DE TÍTULO
Título Los armarios negros /
Mención de responsabilidad, etc. Joan Manuel Gisbert.
260 ## - PUBLICACIÓN, DISTRIBUCIÓN, ETC.
Lugar de publicación, distribución, etc. México :
Nombre del editor, distribuidor, etc. Alfaguara,
Fecha de publicación, distribución, etc. 2005.
300 ## - DESCRIPCIÓN FÍSICA
Extensión 184 p.
650 #0 - ASIENTO SECUNDARIO DE MATERIA - TERMINO TEMATICO
Término de materia o nombre geográfico como elemento de entrada Literatura juvenil española
9 (RLIN) 12359
650 #2 - ASIENTO SECUNDARIO DE MATERIA - TERMINO TEMATICO
Término de materia o nombre geográfico como elemento de entrada Novela policiaca y de misterio
9 (RLIN) 8409
905 ## - TIPO DE MATERIAL
Tipo de material Libro
Holdings
Estado de retiro Estado de pérdida Fuente del sistema de clasificación o colocación Estado dañado No para préstamo Código de colección Localización permanente Ubicación/localización actual Ubicación en estantería Total de préstamos Clasificación Código de barras Fecha visto por última vez Número de copia Tipo de ítem Koha
    Library of Congress Classification     Colección General Bib. Gregorio Torres Quintero Bib. Gregorio Torres Quintero Planta baja 2 PQ6657 I8.2 A7.5 294061 31/12/2020 1 Libro